header

The ultimate foundation of economic science (Record no. 205095)

MARC details
000 -LEADER
fixed length control field 01856nam a2200421 a 4500
082 04 - DEWEY DECIMAL CLASSIFICATION NUMBER
Classification number 330.01
100 1# - MAIN ENTRY--AUTHOR NAME
Personal name Von Mises, Ludwig,
245 14 - TITLE STATEMENT
Title The ultimate foundation of economic science
250 ## - EDITION STATEMENT
Edition statement 2nd ed.
260 ## - PUBLICATION, DISTRIBUTION, ETC. (IMPRINT)
Place of publication Indianapolis :
Name of publisher Liberty Fund,
Year of publication c2006.
300 ## - PHYSICAL DESCRIPTION
Number of Pages xiii, 124 p.
490 1# - SERIES STATEMENT
Series statement Liberty Fund library of the works of Ludwig von Mises
500 ## - GENERAL NOTE
General note "The second edition was published in 1978 by the Institute for Humane Studies, Inc. In 2002, Bettina Bien Greaves reprinted the second edition in association with the Foundation for Economic Education"--T.p. verso.
650 #0 - SUBJECT ADDED ENTRY--TOPICAL TERM
Topical Term Economics.
Topical Term Economics
Topical Term Positivism.
700 1# - ADDED ENTRY--PERSONAL NAME
Personal name Greaves, Bettina Bien.
856 40 - ELECTRONIC LOCATION AND ACCESS
Uniform Resource Identifier http://site.ebrary.com/lib/rucke/Doc?id=10613485

No items available.

© 2026 Rongo University
Contact us: librarian | system librarian | Rongo university